ABM: yes or no? (Record no. 476566)

000 -LEADER
fixed length control field 00412cam a22001337a 4500
008 - FIXED-LENGTH DATA ELEMENTS--GENERAL INFORMATION
fixed length control field 180718b1969 xxu||||| |||| 00| 0 eng d
082 ## - DEWEY DECIMAL CLASSIFICATION NUMBER
Classification number N1207 B75
100 ## - MAIN ENTRY--PERSONAL NAME
Personal name Breman, Donald
245 ## - TITLE STATEMENT
Title ABM: yes or no?
Statement of responsibility, etc. by Donald Breman and others
260 ## - PUBLICATION, DISTRIBUTION, ETC.
Place of publication, distribution, etc. California
Name of publisher, distributor, etc. Center for the Study of Democratic Institute
Date of publication, distribution, etc. 1969
300 ## - PHYSICAL DESCRIPTION
Extent 48p.
440 ## - SERIES STATEMENT/ADDED ENTRY--TITLE
Title Center Occassional Paper
650 ## - SUBJECT ADDED ENTRY--TOPICAL TERM
Topical term or geographic name entry element Anti - Ballistic - Missiles
Holdings
Withdrawn status Lost status Damaged status Not for loan Permanent Location Current Location Date acquired Full call number Barcode Date last seen Price effective from Koha item type
        Indian Institute of Public Administration Indian Institute of Public Administration 2018-08-04 N1207 B75 GR9989 2018-08-04 2018-08-04 GR

Powered by Koha